Normal view
MARC view
Entry Nombre personal
001 - NÚMERO DE CONTROL
- campo de control: 1023
003 - IDENTIFICADOR DE NÚMERO DE CONTROL
- campo de control: DLC
005 - FECHA Y HORA DE LA ÚLTIMA TRANSACCIÓN
- campo de control: 20260406120646.0
008 - ELEMENTOS DE DATO DE LONGITUD-FIJA
- campo de control de longitud fija: 000214n| azannaabn |n aaa c
010 ## - NÚMERO DE CONTROL DE LA BIBLIOTECA DEL CONGRESO
- Número de control de LC: no 00010156
024 7# - IDENTIFICADOR DE OTROS ESTÁNDARES
- Número estándar o código: 38913497
- Fuente: viaf
- URI de un objeto del mundo real: http://viaf.org/viaf/38913497
024 7# - IDENTIFICADOR DE OTROS ESTÁNDARES
- Número estándar o código: 0000000059366905
- Fuente: isni
- URI de un objeto del mundo real: https://isni.org/isni/0000000059366905
024 7# - IDENTIFICADOR DE OTROS ESTÁNDARES
- Número estándar o código: Q5997062
- Fuente: wikidata
- URI de un objeto del mundo real: https://www.wikidata.org/wiki/Q5997062
035 ## - NÚMERO DE CONTROL DEL SISTEMA
- Número de control de sistema: (OCoLC)oca05154519
040 ## - FUENTE DE CATALOGACIÓN
- Centro catalogador/agencia de origen: OCoLC-P
- Lengua de catalogación: eng
- Normas de descripción: rda
- Centro/agencia transcriptor: OCoLC-P
- Centro/agencia modificador: ICrlF
- Centro/agencia modificador: NyNyDIG
046 ## - FECHAS CON CODIFICACIÓN ESPECIAL
- Fecha de nacimiento: 1960-04-19
- Fuente del esquema de fecha: edtf
100 1# - ENCABEZAMIENTO-NOMBRE DE PERSONA
- Nombre de persona: Mainé, Margarita
370 ## - LUGAR ASOCIADO
- Lugar de nacimiento: Ingeniero Maschwitz (Argentina)
370 ## - LUGAR ASOCIADO
- País asociado: Argentina
- Lugar de residencia/sede: Buenos Aires (Argentina)
- Fuente del término: naf
372 ## - CAMPO DE ACTIVIDAD
- Campo de actividad: Children's literature
- Fuente del término: lcsh
374 ## - OCUPACIÓN
- Ocupación: Authors
- Ocupación: Educators
- Fuente del término: lcsh
377 ## - IDIOMA ASOCIADO
- Código del idioma: spa
670 ## - FUENTE DE DATOS ENCONTRADOS
- Cita de la fuente: Me duele la lengua, c1997:
- Información encontrada: t.p. (Margarita Mainé)
670 ## - FUENTE DE DATOS ENCONTRADOS
- Cita de la fuente: Spanish Wikipedia, 11 October 2023:
- Información encontrada: Margarita Mainé (Argentine teacher and writer dedicated to children's and youth literature; born 19 April 1960 in Ingeniero Maschwitz, Buenos Aires, Argentina; lives in Buenos Aires)
- Identificador Uniforme de Recurso: https://es.wikipedia.org/wiki/Margarita_Mainé